[Event "Arco op 30th"]
[Site "Arco"]
[Date "2008.10.23"]
[Round "6"]
[White "Facchetti, Gianni"]
[Black "Prakken, Gerrit"]
[Result "1/2-1/2"]
[WhiteElo "2154"]
[BlackElo "2206"]
[PlyCount "148"]
[EventDate "2008.10.18"]
[EventType "swiss"]
[EventRounds "9"]
[EventCountry "ITA"]
[SourceTitle "CBM 127 Extra"]
[Source "ChessBase"]
[SourceDate "2009.01.08"]
[SourceVersion "2"]
[SourceVersionDate "2009.01.28"]
[SourceQuality "1"]

1. e4 e5 2. Nf3 Nc6 3. Bc4 Nf6 4. Nc3 Nxe4 5. 0-0 Nxc3 6. dxc3 f6 7. Re1 d6 8. Nd4 Qe7 9. Nxc6 bxc6 10. f4 d5 11. Bb3 e4 12. Be3 f5 13. c4 dxc4 14. Bxc4 Be6 15. Qd4 Rd8 16. Qc3 Kf7 17. Rad1 Rxd1 18. Rxd1 h5 19. Bxa7 Rh6 20. Be3 Qe8 21. a4 Bd6 22. a5 Qa8 23. a6 Bxc4 24. Qxc4+ Ke7 25. Rc1 Rh8 26. Bc5 Rd8 27. b4 Kf6 28. Bd4+ Ke7 29. Be3 Rb8 30. c3 Rb5 31. g3 h4 32. a7 hxg3 33. hxg3 Rd5 34. Kf2 Rd3 35. Rh1 Rxe3 36. Kxe3 Qxa7+ 37. Qd4 Qxd4+ 38. Kxd4 Kf6 39. Ke3 Ke6 40. Kd4 Kf6 41. Rh8 Ke6 42. Rg8 Kf7 43. Rb8 g5 44. Ke3 gxf4+ 45. gxf4 Ke6 46. Rh8 Be7 47. Rh6+ Kf7 48. Kd2 Bf6 49. Rh1 Bg7 50. Ra1 Bh6 51. Ke3 Ke6 52. Ra5 Bf8 53. Re5+ Kf6 54. Re8 Bd6 55. Rh8 Ke6 56. Rh6+ Kf7 57. Rh4 Be7 58. Rh7+ Ke6 59. Kd4 Bd6 60. Ke3 Be7 61. Rh6+ Bf6 62. c4 Kf7 63. Rh1 Bc3 64. Rb1 Ke6 65. Rb3 Bf6 66. Ra3 Bb2 67. Ra6 Bc1+ 68. Kf2 Bxf4 69. Rxc6+ Ke7 70. c5 Kd7 71. Rf6 Bd2 72. c6+ Ke7 73. Rxf5 Bxb4 74. Ke3 Kd6 1/2-1/2

[Event "Arco op 30th"]
[Site "Arco"]
[Date "2008.10.22"]
[Round "5"]
[White "Prakken, Gerrit"]
[Black "Tomasi, Diego"]
[Result "1-0"]
[WhiteElo "2206"]
[BlackElo "2002"]
[PlyCount "141"]
[EventDate "2008.10.18"]
[EventType "swiss"]
[EventRounds "9"]
[EventCountry "ITA"]
[SourceTitle "CBM 127 Extra"]
[Source "ChessBase"]
[SourceDate "2009.01.08"]
[SourceVersion "2"]
[SourceVersionDate "2009.01.28"]
[SourceQuality "1"]

1. d4 d5 2. c4 c6 3. Nc3 e5 4. dxe5 d4 5. Ne4 Qa5+ 6. Bd2 Qxe5 7. Ng3 Nf6 8. Nf3 Qd6 9. Qc2 Be7 10. 0-0-0 0-0 11. e3 dxe3 12. Bxe3 Qc7 13. Nf5 Bd8 14. Bd3 Qa5 15. a3 Na6 16. Kb1 b5 17. Ne5 Qc7 18. cxb5 Qxe5 19. Bd4 Qc7 20. bxa6 Be6 21. Bc5 Bxf5 22. Bxf5 Re8 23. g3 g6 24. Bd3 Nd5 25. Bc4 Bf6 26. Bd4 Bxd4 27. Rxd4 Qe5 28. Rhd1 Rad8 29. Qd2 Qf6 30. h4 Rb8 31. Rc1 Nb6 32. Bb3 Nd5 33. Bc4 Rb6 34. Rc2 Reb8 35. h5 Qf5 36. Ka2 Qxh5 37. Bxd5 cxd5 38. Rxd5 Qf3 39. Rd8+ Rxd8 40. Qxd8+ Kg7 41. Qd4+ Qf6 42. Qxf6+ Kxf6 43. b4 Rxa6 44. Kb3 Ke5 45. Rc7 Rf6 46. f4+ Kf5 47. Rxa7 Kg4 48. b5 Rb6 49. a4 Kxg3 50. Rxf7 h5 51. Kc4 h4 52. a5 Rb8 53. Rh7 Rf8 54. a6 Rxf4+ 55. Kc3 Ra4 56. Kb3 Ra1 57. a7 h3 58. b6 h2 59. b7 Rb1+ 60. Ka2 Rxb7 61. Rxb7 h1Q 62. a8Q Qg2+ 63. Ka3 Qf1 64. Rb3+ Kh4 65. Qe4+ Kh5 66. Qe5+ g5 67. Qh2+ Kg6 68. Rb6+ Kf5 69. Qh7+ Kg4 70. Qd7+ Kg3 71. Rb3+ 1-0

[Event "Arco op 30th"]
[Site "Arco"]
[Date "2008.10.18"]
[Round "1"]
[White "Prakken, Gerrit"]
[Black "Niccoli, Paolo"]
[Result "1-0"]
[WhiteElo "2206"]
[BlackElo "1898"]
[PlyCount "57"]
[EventDate "2008.10.18"]
[EventType "swiss"]
[EventRounds "9"]
[EventCountry "ITA"]
[SourceTitle "CBM 127 Extra"]
[Source "ChessBase"]
[SourceDate "2009.01.08"]
[SourceVersion "2"]
[SourceVersionDate "2009.01.28"]
[SourceQuality "1"]

1. d4 Nf6 2. c4 g6 3. Nc3 Bg7 4. e4 d6 5. Nf3 0-0 6. Be2 c5 7. 0-0 cxd4 8. Nxd4 Nc6 9. Nc2 Nd7 10. Be3 Bxc3 11. bxc3 Qa5 12. Qd2 Nc5 13. f3 Be6 14. Nb4 Rac8 15. Rab1 Rfd8 16. Rfc1 Ne5 17. Nd5 Bxd5 18. cxd5 a6 19. c4 Qxd2 20. Bxd2 Rd7 21. Ba5 g5 22. g3 h5 23. h3 Kg7 24. Bd2 Kg6 25. Be3 Kh6 26. f4 gxf4 27. gxf4 Rg8+ 28. Kh2 Ned3 29. Rd1 1-0